| 000 | 00511nam a2200193 a 4500 | ||
|---|---|---|---|
| 001 | 1772446534044 | ||
| 003 | YourLibrary | ||
| 005 | 20260302154700.0 | ||
| 008 | 260302s2002##################000#0#eng## | ||
| 020 | _a9780199246458 | ||
| 082 | 0 | 4 |
_a321.8 _bREY |
| 100 | 1 |
_aReynolds, Andrew, _eauthor. |
|
| 245 | 1 | 0 | _aThe Architecture of Democracy : |
| 260 |
_bOxford University Press, _c2002. |
||
| 300 | _a530 pages | ||
| 650 | 0 | _aArchitecture. | |
| 942 | _cENGLISH | ||
| 040 |
_aYourLibrary _beng _cYourLibrary |
||
| 999 |
_c616375 _d616375 |
||